| 000 | 01149nam a22003497a 4500 | ||
|---|---|---|---|
| 003 | CHAP | ||
| 005 | 20220817042448.0 | ||
| 008 | 971013s1950 r 00010 d | ||
| 010 | _a45507 | ||
| 011 | _a46479 | ||
| 035 | _a50620 | ||
| 040 | _cCHAP | ||
| 082 |
_a634.9285 _bF36 |
||
| 110 | _aFAO | ||
| 245 | _aPlanning a national forest inventory | ||
| 260 |
_aWashington : _bFAO, _c1950 |
||
| 300 | _a88 p. | ||
| 490 |
_aFAO. Estudios de silvicultura y productos forestales _v; 1 |
||
| 590 |
_aBATCH-UPD _b10 _c20130110 _lUCH01 _h0217 |
||
| 590 |
_aBATCH-UPD _b10 _c20130110 _lUCH01 _h1618 |
||
| 590 |
_aBATCH-UPD _b10 _c20130410 _lUCH01 _h1012 |
||
| 590 |
_aBATCH-UPD _b10 _c20130914 _lUCH01 _h0714 |
||
| 590 |
_aCONVERSION _b10 _c20130109 _lUCH01 _h1325 |
||
| 650 | 1 | 4 |
_aBosques _xClasificación. _914110 |
| 650 | 1 | 4 |
_aBosques _xInventarios. _914240 |
| 700 | 0 |
_aHarrison, J. D. B. _952897 |
|
| 830 | 0 |
_aFAO. Estudios de silvicultura y productos forestales _v; 1 _939550 |
|
| 901 | _aBK | ||
| 942 | _cLIBRO | ||
| 949 |
_a634.9285 F36 _bBC _cFAO _d-113688 _eFAO1 _h23698 _i50620 _si |
||
| 949 |
_a634.9285 F36 _bBC _cFAO _d-113689 _eFAO2 _fc.2 _h23699 _i50620 _si |
||
| 999 |
_c45507 _d45507 |
||